000 00487nam a2200157 i 4500
001 57824
003 ES-MaACL
005 20230906163646.0
007 t|
008 031017s1930 xxu ||||1| eng d
100 1 _aDonaldson, John.
_945286
245 1 0 _aInternational economic relations
_b: a treatise on world Economy and world Politics /
_cby John Donaldson.
260 _aNew York :
_bLongmans, Green and Co,
_c1930.
300 _aXXX, 674 p. ;
_c20 cm.
852 _aES-MaACL
_jA-2274
999 _c57824
_d57824